000 00455nam a2200169Ia 4500
005 20250508163921.0
008 008 250505s9999 xx 000 0 eng d
020 _aISSN. 0034-6543
037 _aPeriodicals
040 _aFEDL
_beng
_cFEDL
041 _aeng
_2eng
084 _qFEDL
245 0 _aSociological bulletin: Journal of the Indian Sociological Society
546 _aThrice a year from V.53
942 _cCR
999 _c1385968
_d1385968